In vitro effects of some bacterial and fungal antagonists on certain soil borne fungi isolated from diseased tomato and pepper plants (Record no. 58593)

MARC details
000 -LEADER
fixed length control field 02287cab a2200313Ia 45 0
001 - CONTROL NUMBER
control field u208919
003 - CONTROL NUMBER IDENTIFIER
control field SIRSI
008 - FIXED-LENGTH DATA ELEMENTS--GENERAL INFORMATION
fixed length control field 120917s2002 ua ss b eng d
040 ## - CATALOGING SOURCE
Original cataloging agency EAL
041 ## - LANGUAGE CODE
Language code of text/sound track or separate title eng
Language code of summary or abstract ara
090 ## - LOCALLY ASSIGNED LC-TYPE CALL NUMBER (OCLC); LOCAL CALL NUMBER (RLIN)
Classification number (OCLC) (R) ; Classification number, CALL (RLIN) (NR) ART JART V28 No1 2
100 1# - MAIN ENTRY--PERSONAL NAME
Personal name El-Kazzaz, M. K.
240 10 - UNIFORM TITLE
Uniform title Journal of agricultural research Tanta University, 2002 v.28 (1)
Medium [electronic resource].
245 10 - TITLE STATEMENT
Title In vitro effects of some bacterial and fungal antagonists on certain soil borne fungi isolated from diseased tomato and pepper plants
Medium [electronic resource].
246 15 - VARYING FORM OF TITLE
Title proper/short title دراسات معملية عن تأثير بعض البكتيريات والفطريات المضادة على بعض المسببات الفطرية المحمولة بالتربة والمعزولة من نباتات الطماطم والفلفل المريضة.
300 ## - PHYSICAL DESCRIPTION
Extent p.9-22.
504 ## - BIBLIOGRAPHY, ETC. NOTE
Bibliography, etc. note Includes references.
520 ## - SUMMARY, ETC.
Summary, etc. Soil samples collected from the rhizosphere of healthy tomato and pepper plants resulted in isolation of 45 bacterial isolates and 12 fungal isolates exhibiting marked antifungal activity against Fusarium oxysporum f. sp. Lycopersici, Rhizoctonia solani. Fusarium solani, and Pythium aphanidermatum the causal fungi of wilt and root rot to tomato and pepper plants. These biocontrol agents belong to Bacillus spp., Pseudomonas spp. as bacterial antagonists as well as Actinomyctes isolates, while fungal isolates belonged to Trichoderma spp., Gliocladium spp., Myrothecium spp., Paecilomyces spp. and Geotrichum spp. Among these antifungal antagonists Trichoderma harzianum. Gliocladium virens, Pseudomonas fluorescens. Bacillus subtilis and an Actinomycete sp. proved to have high potential effect against the tested pathogens.
546 ## - LANGUAGE NOTE
Language note Summary in Arabic.
596 ## -
-- 1
650 #0 - SUBJECT ADDED ENTRY--TOPICAL TERM
Topical term or geographic name entry element Tomatoes
General subdivision Diseases and pests
-- Biological control.
650 #0 - SUBJECT ADDED ENTRY--TOPICAL TERM
Topical term or geographic name entry element Peppers
General subdivision Diseases and pests
-- Biological control.
650 #0 - SUBJECT ADDED ENTRY--TOPICAL TERM
Topical term or geographic name entry element Soilborne plant pathogens
General subdivision Biological control.
650 #0 - SUBJECT ADDED ENTRY--TOPICAL TERM
Topical term or geographic name entry element Fungi as biological pest control agents
700 1# - ADDED ENTRY--PERSONAL NAME
Personal name Ghoniem, K. E.
700 1# - ADDED ENTRY--PERSONAL NAME
Personal name Hammoud, Sahar M. H.
773 0# - HOST ITEM ENTRY
Title Journal of Agricultural Research Tanta Univeristy.
Related parts 2002.v.28(1)
International Standard Serial Number 1110-032X
Control subfield nnas
Record control number u200869
856 40 - ELECTRONIC LOCATION AND ACCESS
Uniform Resource Identifier <a href="http://nile.enal.sci.eg/EALE/2002/JART/2802/1/9.pdf">http://nile.enal.sci.eg/EALE/2002/JART/2802/1/9.pdf</a>
Public note Full Text Article
942 ## - ADDED ENTRY ELEMENTS (KOHA)
Koha item type Articles
Source of classification or shelving scheme Library of Congress Classification

No items available.


Home | About ENAL | Collections | Services | Activities | Calendar | Contact us

7 Nadi El Sayed St., Giza, Egypt | Phone:02-33351121 +02-33351313 | 
| Email: enalegypt@gmail.com